[Event "Titled Tuesday intern op 19th Dec Early"]
[Site "Chess.com INT"]
[Date "2023.12.19"]
[Round "2"]
[White "Bressy, Theo"]
[Black "Golubenko, Valentina"]
[Result "0-1"]
[WhiteElo "2190"]
[BlackElo "2209"]
[PlyCount "88"]
[EventDate "2023.12.19"]
[EventType "swiss (blitz)"]
[EventRounds "11"]
[EventCountry "USA"]
[SourceTitle "CB52_2023"]
[SourceDate "2023.12.27"]
[SourceVersion "1"]
[SourceVersionDate "2023.12.27"]
[SourceQuality "1"]

1. e4 g6 2. Nc3 Bg7 3. g3 c5 4. Bg2 Nc6 5. d3 e6 6. f4 Nge7 7. Nf3 d5 8. 0-0 0-0 9. h3 b6 10. Re1 Bb7 11. g4 f5 12. exf5 exf5 13. Ng5 Nd4 14. Ne6 Nxe6 15. Rxe6 Qd7 16. Qe2 Rae8 17. a4 Bc8 18. Rxe7 Rxe7 19. Bxd5+ Kh8 20. Qf3 fxg4 21. hxg4 Bd4+ 22. Kg2 Qxg4+ 23. Qxg4 Bxg4 24. Bd2 h5 25. Rh1 Kg7 26. Ne4 Bxb2 27. c3 Bf5 28. Rb1 Ba3 29. Rb3 c4 30. Rxa3 cxd3 31. Ng3 Bg4 32. c4 h4 33. Bc3+ Kh6 34. Ne4 Bf5 35. Nf2 Re2 36. Kf3 Rfe8 37. Bd4 d2 38. Ra1 Re1 39. Rd1 Rxd1 40. Nxd1 Re1 41. Ne3 d1Q+ 42. Nxd1 Rxd1 43. Bf6 h3 44. Bg5+ Kg7 0-1